The universities of Europe in the middle ages /

Bibliographic Details
Main Author: Rashdall, Hastings, 1858-1924
Other Authors: Powicke, F. M. (Frederick Maurice), 1879-1963, Emden, A. B. (Alfred Brotherston), 1888-1979
Format: Book
Language:English
Published: Oxford : The Clarendon press, 1936.
Edition:A new ed ...
Subjects:

MARC

Tag First Indicator Second Indicator Subfields
LEADER 00000cam a2200000 4500
001 in00000056076
005 20151008052354.0
008 711124s1936 enkb b 00000 eng
010 |a  36013483  
035 |a (OCoLC)00175368 
035 |9 AAH3028AM 
040 |a DLC  |c WSU  |d TXA  |d UtOrBLW 
049 |a TXAM  |v 1 [117129]  |v 2 [117130]  |v 3 [117131] 
050 0 |a LA177  |b .R25 1936 
092 |a 378.4  |b R224u, 1936 
100 1 |a Rashdall, Hastings,  |d 1858-1924. 
245 1 4 |a The universities of Europe in the middle ages /  |c by the late Hastings Rashdall ... 
250 |a A new ed ...  |b edited by F. M. Powicke ... and A. B. Emden ... 
264 1 |a Oxford :  |b The Clarendon press,  |c 1936. 
300 |a 3 volumes 
336 |a text  |b txt  |2 rdacontent 
337 |a unmediated  |b n  |2 rdamedia 
338 |a volume  |b nc  |2 rdacarrier 
504 |a Includes bibliographies. 
650 0 |a Universities and colleges  |z Europe. 
700 1 |a Powicke, F. M.  |q (Frederick Maurice),  |d 1879-1963. 
700 1 |a Emden, A. B.  |q (Alfred Brotherston),  |d 1888-1979. 
999 |a MARS 
999 f f |s a629dfc7-3e21-3529-b1bc-83136da1b8fc  |i d2f7ba1c-b0be-368b-8e27-defd99358eab  |t 0 
952 f f |p normal  |a Texas A&M University  |b College Station  |c Sterling C. Evans Library  |d Evans: Library Stacks  |t 0  |e LA177 .R25 1936  |h Library of Congress classification  |i unmediated -- volume  |k v.2  |m A14800863455 
952 f f |p normal  |a Texas A&M University  |b College Station  |c Sterling C. Evans Library  |d Evans: Library Stacks  |t 0  |e LA177 .R25 1936  |h Library of Congress classification  |i unmediated -- volume  |k v.3  |m A14800863463 
952 f f |p normal  |a Texas A&M University  |b College Station  |c Sterling C. Evans Library  |d Evans: Library Stacks  |t 0  |e LA177 .R25 1936  |h Library of Congress classification  |i unmediated -- volume  |k v.1  |m A14800863447 
998 f f |a LA177 .R25 1936  |s v.1-v.3  |t 0  |l Evans: Library Stacks